[Event "Memorial Lara CIII"]
[Site "www.echecsemail.com"]
[Date "2026.01.11"]
[Round "1"]
[White "Alain64"]
[Black "Karkaskat"]
[WhiteElo "2120"]
[BlackElo "2100"]
[Result "1-0"]
1.f4 d5
2.Ng1f3 c5
3.e3 Nb8c6
4.b3 Ng8f6
5.Bc1b2 e6
6.Bf1b5 Bc8d7
7.O-O Bf8e7
8.Bb5xc6 Bd7xc6
9.Nf3e5 O-O
10.Ne5xc6 bxc6
11.Qd1e2 Nf6e4
12.d3 Be7f6
13.Bb2xf6 Qd8xf6
14.Nb1d2 Ne4c3
15.Qe2f3 Nc3b5
16.a4 Nb5d6
17.e4 Qf6c3
18.Qf3e2 a5
19.Ra1c1 f6
20.Kh1 Rf8e8
21.e5 fxe5
22.fxe5 Nd6f5
23.Nd2f3 Nf5d4
24.Nf3xd4 Qc3xd4
25.Rf1f3 Re8f8
26.Rc1f1 Rf8xf3
27.Qe2xf3 h6
28.Qf3f7 Kh8
29.Qf7xe6 Qd4e3
30.Qe6xc6 Qe3e2
31.Qc6xa8 Kh7
32.Qa8f8 { abandon }1-0

[Event "Défi"]
[Site "www.echecsemail.com"]
[Date "2026.01.11"]
[Round "1"]
[White "Kaby771"]
[Black "Bilitis"]
[WhiteElo "1810"]
[BlackElo "1760"]
[Result "1-0"]
1.d4 d5
2.c4 c6
3.Nb1c3 Ng8f6
4.Ng1f3 g6
5.Bc1g5 Bf8g7
6.Qd1d2 Bc8f5
7.Nf3e5 Nb8d7
8.Bg5h6 O-O
9.O-O-O Bg7xh6
10.Qd2xh6 Nd7xe5
11.dxe5 Nf6g4
12.Qh6f4 Qd8c7
13.cxd5 Ng4xe5
14.Qf4g3 Rf8c8
15.e4 Bf5d7
16.Kb1 cxd5
17.Rd1xd5 Ne5c4
18.Qg3xc7 Rc8xc7
19.Bf1xc4 Bd7e6
20.Rh1d1 Be6xd5
21.Bc4xd5 Ra8d8
22.Bd5xf7 Kxf7
23.Rd1xd8 a6
24.Nc3d5 Rc7c4
25.f3 Rc4d4
26.Kc2 e6
27.Kc3 Rd4d1
28.Kc2 Rd1d4
29.Rd8d7 Ke8
30.Nd5f6 { abandon }1-0

[Event "Marmotte chess  3"]
[Site "www.echecsemail.com"]
[Date "2026.01.11"]
[Round "1"]
[White "Abelito"]
[Black "Fouvolant"]
[WhiteElo "1580"]
[BlackElo "1540"]
[Result "0-1"]
1.e4 c5
2.Bf1c4 e6
3.Ng1f3 Qd8c7
4.Nb1c3 a6
5.O-O Nb8c6
6.d4 cxd4
7.Nf3xd4 Ng8f6
8.Nd4f3 d6
9.Bc1f4 h6
10.Nc3a4 b5
11.Bc4e2 bxa4
12.Nf3d4 Nf6xe4
13.Bf4e3 Bc8b7
14.c3 Bf8e7
15.Qd1xa4 O-O
16.Qa4c2 Ne4f6
17.b4 Nc6xd4
18.Be3xd4 e5
19.Bd4e3 Nf6d5
20.Be3d2 Nd5xb4
21.Qc2b2 Nb4d5
22.Rf1c1 Ra8b8
23.Qb2c2 f5
24.Ra1b1 Qc7d7
25.c4 Nd5f6
26.Rc1d1 Rf8c8
27.Bd2c3 Qd7c6
28.Be2f3 e4
29.Bf3e2 Nf6d7
30.Be2h5 Qc6xc4
31.Rb1b3 Qc4e6
32.Qc2b2 Nd7c5
33.Rb3b4 Nc5d3
34.Qb2b3 Bb7d5
35.Qb3a4 Nd3xb4
36.Bc3xb4 Rc8c4
37.Rd1b1 Bd5c6
38.Qa4d1 Rc4xb4
39.Rb1xb4 Rb8xb4
40.a3 Rb4b2
41.Qd1c1 Be7f6
42.h3 Bc6b5
43.Qc1c7 Rb2b1
44.Kh2 Kh7
45.Qc7f7 Qe6xf7
46.Bh5xf7 Rb1a1
47.Bf7h5 Ra1xa3
{ abandon }0-1

[Event "Défi"]
[Site "www.echecsemail.com"]
[Date "2026.01.11"]
[Round "1"]
[White "Payne42"]
[Black "Berjay"]
[WhiteElo "1760"]
[BlackElo "1700"]
[Result "1-0"]
1.f4 f5
2.Ng1f3 e6
3.e3 Ng8f6
4.b3 d5
5.Bc1b2 Bf8c5
6.Bf1e2 Nf6g4
7.O-O O-O
8.Nf3e5 Rf8f6
9.Ne5xg4 fxg4
10.Bb2xf6 Qd8xf6
11.Nb1c3 h5
12.Nc3a4 Nb8d7
13.Na4xc5 Nd7xc5
14.c4 a6
15.d4 Nc5e4
16.Be2d3 Ne4c3
17.Qd1c2 Nc3e4
18.Bd3xe4 dxe4
19.Qc2xe4 h4
20.g3 hxg3
21.hxg3 Ra8b8
22.f5 exf5
23.Qe4f4 Qf6f7
24.e4 g6
25.Ra1e1 b5
26.exf5 Bc8xf5
27.Re1e5 Qf7d7
28.d5 Bf5d3
29.Rf1e1 Bd3f5
30.Re5e7 Qd7d6
31.Kg2 Qd6b4
32.Qf4xc7 Qb4d2
33.Re1e2 g5
34.Qc7xb8 { abandon }1-0

[Event "Tournoi n27377"]
[Site "www.echecsemail.com"]
[Date "2026.01.11"]
[Round "1"]
[White "Ozon"]
[Black "Patbe"]
[WhiteElo "1650"]
[BlackElo "1570"]
[Result "1-0"]
1.e4 e5
2.Ng1f3 d6
3.Nb1c3 Bc8g4
4.Bf1e2 Ng8f6
5.d3 Nb8c6
6.Bc1g5 Bf8e7
7.O-O Nf6h5
8.Nc3d5 Be7xg5
9.Nf3xg5 Bg4xe2
10.Qd1xe2 Nh5f4
11.Qe2g4 Nf4xd5
12.exd5 Nc6d4
13.Ra1c1 Nd4e2
14.Qg4xe2 Qd8xg5
15.c4 c5
16.f4 Qg5f6
17.fxe5 dxe5
18.Rf1xf6 { abandon }1-0

[Event "Défi( 10J+24H/c 10J Max )"]
[Site "www.echecsemail.com"]
[Date "2026.01.11"]
[Round "1"]
[White "Emilio"]
[Black "Trebuchet"]
[WhiteElo "1649"]
[BlackElo "1949"]
[Result "1-0"]
1.e4 c6
2.Nb1c3 d5
3.Ng1f3 Bc8g4
4.h3 Bg4h5
5.exd5 cxd5
6.g4 Bh5g6
7.Bf1b5 Nb8c6
8.Nf3e5 Qd8c7
9.d4 e6
10.h4 a6
11.Bb5xc6 bxc6
12.Bc1f4 Bf8d6
13.h5 f6
14.hxg6 fxe5
15.Rh1xh7 exf4
16.Rh7xh8 O-O-O
17.Qd1e2 Rd8e8
18.Rh8xg8 Re8xg8
19.Qe2xe6 Kb7
20.Qe6xg8 Qc7e7
21.Kd2 Kb6
22.Qg8xd5 Qe7f6
23.Nc3a4 Kc7
24.Qd5f7 { abandon }1-0

[Event "WATERLOO"]
[Site "www.echecsemail.com"]
[Date "2026.01.11"]
[Round "1"]
[White "4x4"]
[Black "Mindthegap"]
[WhiteElo "1470"]
[BlackElo "1450"]
[Result "1-0"]
1.e4 e5
2.Ng1f3 Ng8f6
3.Nf3xe5 d6
4.Ne5f3 Nf6xe4
5.d4 d5
6.Bf1d3 Bf8e7
7.O-O O-O
8.Bd3xe4 dxe4
9.Nf3e5 c5
10.c3 cxd4
11.Qd1xd4 Qd8xd4
12.cxd4 Nb8c6
13.Bc1e3 Nc6xe5
14.dxe5 Rf8e8
15.Nb1c3 b6
16.Nc3xe4 Bc8f5
17.Ne4g3 g6
18.Ng3xf5 gxf5
19.f4 Ra8c8
20.Ra1c1 Rc8xc1
21.Rf1xc1 Be7b4
22.a3 Bb4e7
23.b4 Re8d8
24.Rc1c7 Rd8d1
25.Kf2 Kf8
26.Rc7xa7 Rd1h1
27.h3 Be7h4
28.Kf3 Rh1b1
29.Be3xb6 Rb1b3
30.Bb6e3 Bh4d8
31.Kf2 Rb3b2
32.Kf3 Kg8
33.Ra7a8 { abandon }1-0

[Event "Transval 2"]
[Site "www.echecsemail.com"]
[Date "2026.01.11"]
[Round "1"]
[White "Abelito"]
[Black "Patau"]
[WhiteElo "1580"]
[BlackElo "1690"]
[Result "0-1"]
1.e4 e5
2.Bf1c4 c6
3.c3 d5
4.Bc4d3 f5
5.exf5 e4
6.Bd3c2 Bc8xf5
7.d4 exd3
8.Bc2xd3 Bf5xd3
9.Qd1xd3 Ng8f6
10.Bc1g5 h6
11.Bg5d2 Bf8c5
12.Ng1f3 Qd8e7
13.Bd2e3 O-O
14.O-O Nb8d7
15.Nb1d2 Bc5xe3
16.fxe3 Ra8e8
17.Rf1e1 Nd7e5
18.Qd3c2 Ne5xf3
19.Nd2xf3 Nf6e4
20.Qc2a4 Qe7c5
21.Qa4c2 Re8e7
22.Qc2e2 g5
23.g4 Rf8f6
24.Nf3d4 Re7f7
25.Re1f1 Rf6xf1
26.Ra1xf1 Rf7xf1
27.Qe2xf1 Qc5f8
28.Nd4f5 Kh7
29.Qf1d3 Kg6
30.Nf5g3 Qf8f2
31.Kh1 Qf2e1
32.Ng3f1 Kf7
33.Kg2 Qe1f2
34.Kh1 Qf2f3
35.Kg1 Qf3xg4
36.Kh1 Ne4f2
0-1

[Event "Memorial Lara CIII"]
[Site "www.echecsemail.com"]
[Date "2026.01.11"]
[Round "1"]
[White "Karkaskat"]
[Black "Alain64"]
[WhiteElo "2100"]
[BlackElo "2120"]
[Result "0-1"]
1.e4 c5
2.Nb1c3 Nb8c6
3.g3 d6
4.Bf1g2 Ng8f6
5.d3 g6
6.f4 Bf8g7
7.Ng1f3 Bc8g4
8.h3 Bg4xf3
9.Bg2xf3 Nc6d4
10.Bf3g2 O-O
11.O-O Ra8b8
12.Qd1d2 e5
13.f5 Nf6h5
14.Kh2 gxf5
15.exf5 Kh8
16.Nc3d1 Rf8g8
17.c3 Nd4c6
18.Qd2f2 e4
19.dxe4 Nh5xg3
20.Bc1f4 Ng3xf1
21.Bg2xf1 Bg7e5
22.Bf1c4 Qd8g5
23.Bf4xe5 Nc6xe5
24.Bc4e2 h5
25.Nd1e3 f6
26.Ne3d5 Qg5h6
27.Nd5f4 h4
28.Ra1g1 Rg8xg1
29.Kxg1 Rb8g8
30.Kh2 Rg8g3
31.Nf4g2 Qh6d2
32.Ng2xh4 Rg3e3
{ abandon }0-1

[Event "Défi"]
[Site "www.echecsemail.com"]
[Date "2026.01.11"]
[Round "1"]
[White "Kerenor"]
[Black "Gambitmiau"]
[WhiteElo "1590"]
[BlackElo "1340"]
[Result "0-1"]
1.d4 d5
2.Nb1c3 e6
3.a3 Nb8c6
4.Ng1f3 Bf8e7
5.e4 Ng8f6
6.e5 Nf6e4
7.Bf1d3 Ne4xc3
8.bxc3 O-O
9.c4 Nc6a5
10.Bc1d2 c6
11.c5 f6
12.O-O b6
13.exf6 Be7xf6
14.c3 bxc5
15.dxc5 Ra8b8
16.c4 dxc4
17.Bd3e2 c3
18.Bd2e3 Qd8xd1
19.Rf1xd1 c2
20.Rd1e1 Bf6xa1
21.Re1xa1 Na5b3
22.Ra1a2 c1Q
23.Be3xc1 Nb3xc1
24.Ra2d2 Nc1xe2
25.Rd2xe2 Rb8b1
26.Nf3e1 Bc8a6
27.Re2e3 Rb1b2
28.f3 Ba6c4
29.h3 Rf8d8
30.f4 Rd8d2
31.Re3e4 Bc4d5
32.Re4e3 Bd5xg2
33.Ne1f3 Rd2d1
34.Nf3e1 Bg2xh3
{ abandon }0-1

[Event "Défi"]
[Site "www.echecsemail.com"]
[Date "2026.01.11"]
[Round "1"]
[White "4x4"]
[Black "Midas"]
[WhiteElo "1460"]
[BlackElo "1620"]
[Result "0-1"]
1.e4 e5
2.d3 Ng8f6
3.Ng1f3 Nb8c6
4.Nb1c3 Bf8b4
5.Bc1d2 O-O
6.Qd1e2 d6
7.O-O-O Bc8g4
8.a3 Nc6d4
9.Qe2e3 Bb4c5
10.h3 Nd4b3
11.cxb3 Bc5xe3
12.Bd2xe3 a6
13.hxg4 Nf6xg4
14.Nc3d5 Ng4xe3
15.fxe3 f6
16.Kb1 c6
17.Nd5b4 Qd8c7
18.Bf1e2 a5
19.Nb4c2 c5
20.Nf3h4 g6
21.g4 Kg7
22.a4 Qc7b6
23.Ka2 Qb6c6
24.Rd1f1 b5
25.d4 b4
26.d5 Qc6c7
27.Be2b5 Ra8b8
28.Nh4f3 Qc7c8
29.g5 Qc8g4
30.Nc2e1 Qg4xe4
31.Bb5d3 Qe4xe3
32.Bd3c4 f5
33.Rh1h3 e4
34.Nf3g1 Qe3xg5
35.Ne1c2 Qg5g2
36.Rh3e3 Qg2xc2
37.Re3e2 Qc2xe2
38.Ng1xe2 g5
39.Ne2g3 Kg6
40.Ng3e2 h5
41.Bc4b5 f4
42.Ne2g1 g4
43.Ng1e2 f3
44.Ne2g3 h4
45.Ng3xe4 Rb8d8
46.Rf1f2 Rf8f4
47.Bb5d3 Kh6
48.Kb1 g3
49.Ne4xg3 hxg3
50.Rf2f1 Rd8e8
51.Kc2 g2
52.Rf1g1 Kg5
53.Bd3f1 Re8e1
54.Kd2 Re1xf1
55.Rg1xf1 gxf1Q
56.Ke3 Qf1e2
0-1

[Event "Tournoi n27295"]
[Site "www.echecsemail.com"]
[Date "2026.01.11"]
[Round "1"]
[White "Crocro34"]
[Black "Philoconche"]
[WhiteElo "1480"]
[BlackElo "1490"]
[Result "0-1"]
1.e4 c6
2.d4 d5
3.e5 c5
4.c3 Bc8f5
5.Qd1a4 Nb8c6
6.Bf1b5 Qd8c7
7.Ng1f3 e6
8.O-O Ng8e7
9.Bc1g5 Ra8c8
10.Nb1d2 Ne7g6
11.Nd2b3 a6
12.Bb5xc6 Qc7xc6
13.Qa4a3 c4
14.Nb3a5 Bf8xa3
15.Na5xc6 Ba3xb2
16.Nc6a7 Bb2xa1
17.Na7xc8 Ba1xc3
18.Nc8d6 Kf8
19.Rf1d1 b5
20.Nf3h4 Bf5d3
21.Nd6b7 Bc3xd4
22.Nh4xg6 hxg6
23.Bg5f4 b4
24.Nb7a5 Bd4b6
25.Na5c6 Bd3c2
26.Rd1c1 Bc2e4
27.Nc6b8 a5
28.Nb8d7 Ke7
29.Nd7xb6 Rh8b8
30.Bf4g5 Ke8
31.f3 Be4d3
32.Bg5f4 Rb8xb6
33.Bf4e3 Rb6b7
34.Kf2 c3
35.Be3c5 Rb7c7
36.Bc5b6 Rc7b7
37.Bb6xa5 f6
38.exf6 gxf6
39.Ke3 Bd3b5
40.Ba5xb4 e5
41.Bb4xc3 d4
42.Bc3xd4 exd4
43.Kxd4 Rb7d7
44.Ke3 Rd7e7
45.Kf2 Re7e2
46.Kg3 Re2xa2
47.Rc1e1 Kf7
48.h4 Ra2e2
49.Re1b1 Bb5d7
50.Rb1b7 Re2e7
51.Kf2 f5
52.g4 fxg4
53.fxg4 Bd7xg4
54.Rb7xe7 Kxe7
55.Kg3 Bg4h5
56.Kf4 Ke6
57.Kg5 Ke5
58.Kh6 Kf5
59.Kg7 Kg4
60.Kf6 Kxh4
61.Ke5 g5
62.Kf5 Bh5g4
63.Ke4 Kh3
64.Ke3 Bg4d7
65.Kf2 g4
66.Kg1 g3
67.Kh1 Bd7c6
68.Kg1 g2
69.Kf2 Kh2
{ abandon }0-1

[Event "YQUELON"]
[Site "www.echecsemail.com"]
[Date "2026.01.11"]
[Round "1"]
[White "Mindthegap"]
[Black "Intrigue"]
[WhiteElo "1540"]
[BlackElo "1680"]
[Result "0-1"]
1.e4 e5
2.Ng1f3 Ng8f6
3.d4 exd4
4.e5 Nf6d5
5.e6 dxe6
6.Qd1e2 Bf8d6
7.Nf3xd4 O-O
8.Nb1c3 Nd5f4
9.Qe2f3 e5
10.Bc1xf4 exf4
11.O-O-O Qd8f6
12.Nc3e4 Qf6h6
13.Nd4f5 Qh6g6
14.Ne4xd6 cxd6
15.Nf5e7 Kh8
16.Ne7xg6 fxg6
17.Qf3xb7 Bc8xb7
18.Rd1xd6 Nb8a6
19.Bf1xa6 Bb7xg2
20.Rh1g1 f3
21.Ba6b7 Ra8b8
22.Bb7d5 Rb8b6
23.Rd6xb6 axb6
24.Bd5c4 h5
25.a4 h4
{ abandon }0-1

[Event "Coupe Niveau 2"]
[Site "www.echecsemail.com"]
[Date "2026.01.11"]
[Round "1"]
[White "Katastrofic"]
[Black "Domenico"]
[WhiteElo "1390"]
[BlackElo "1700"]
[Result "0-1"]
1.e4 e5
2.Bf1c4 Ng8f6
3.d3 Bf8e7
4.h3 O-O
5.Ng1f3 d6
6.O-O a6
7.Bc1g5 b5
8.Bg5xf6 Be7xf6
9.a3 bxc4
{ abandon }0-1

[Event "Tournoi n27342"]
[Site "www.echecsemail.com"]
[Date "2026.01.11"]
[Round "1"]
[White "4x4"]
[Black "Patbe"]
[WhiteElo "1440"]
[BlackElo "1570"]
[Result "0-1"]
1.e4 e5
2.f4 exf4
3.Ng1f3 d5
4.exd5 Qd8xd5
5.d4 Bc8g4
6.Bc1xf4 Qd5e4
7.Qd1e2 Qe4xe2
8.Bf1xe2 Nb8c6
9.c3 O-O-O
10.Nb1d2 Bf8d6
11.Bf4xd6 Rd8xd6
12.Nd2e4 Rd6g6
13.O-O-O Bg4xf3
14.Be2xf3 Ng8e7
15.Ne4c5 Rh8d8
16.g3 Rd8d6
17.Bf3xc6 Ne7xc6
18.Nc5e4 Rd6d8
19.Rd1e1 f5
20.Ne4c5 Rd8d5
21.Re1e8 Rd5d8
22.Re8xd8 Nc6xd8
23.Rh1e1 b6
24.Nc5a6 Kb7
25.Na6b4 Nd8e6
26.Re1e5 a5
27.Nb4d5 Rg6g5
28.Nd5f4 Ne6xf4
29.gxf4 Rg5g2
30.Re5xf5 Rg2xh2
31.Rf5g5 g6
32.Kb1 Rh2f2
33.Rg5g4 Ka6
34.a4 h5
35.Rg4h4 Kb7
36.Ka2 Kc6
37.Kb3 Kd5
38.c4 Ke4
39.d5 Rf2xf4
40.Rh4h3 Rf4f3
41.Rh3xf3 Kxf3
42.Kc3 h4
43.b4 axb4
44.Kxb4 h3
45.c5 bxc5
46.Kxc5 h2
47.a5 h1Q
48.a6 Qh1g1
49.Kc6 Qg1b6
50.Kd7 g5
51.a7 Qb6xa7
52.Kc6 g4
53.Kd7 g3
54.d6 cxd6
55.Kxd6 g2
{ abandon }0-1

[Event "Tournoi n27306"]
[Site "www.echecsemail.com"]
[Date "2026.01.11"]
[Round "1"]
[White "Hermite"]
[Black "Jeff75019"]
[WhiteElo "1500"]
[BlackElo "1440"]
[Result "1-0"]
1.e4 e5
2.Ng1f3 Nb8c6
3.d3 Ng8f6
4.Bf1e2 Bf8c5
5.O-O d6
6.c3 O-O
7.d4 Bc5b6
8.d5 Nc6e7
9.Bc1g5 Nf6xe4
10.Be2d3 Ne4xg5
11.Nf3xg5 Ne7xd5
12.Bd3xh7 Kh8
13.Qd1h5 g6
14.Bh7xg6 Kg7
15.Qh5h7 Kf6
16.Ng5e4 Ke7
17.Ne4g5 Bc8e6
18.Ng5xe6 Qd8d7
19.Ne6xf8 Kxf8
20.Bg6h5 Nd5f4
21.Bh5f3 Nf4e6
22.Qh7h8 Ke7
23.Qh8xa8 Qd7b5
24.b4 Ne6f4
25.Qa8xb7 e4
26.Qb7xe4 Nf4e6
27.a4 Qb5g5
28.Nb1d2 Qg5xd2
29.Qe4h4 f6
30.Ra1e1 Qd2xc3
31.Qh4h7 Kd8
32.Qh7g8 Kd7
33.Qg8xe6 Kd8
34.Qe6e8 1-0

[Event "Coupe Niveau 1"]
[Site "www.echecsemail.com"]
[Date "2026.01.11"]
[Round "1"]
[White "Panchoa"]
[Black "Katastrofic"]
[WhiteElo "1590"]
[BlackElo "1430"]
[Result "1-0"]
1.e4 c5
2.Nb1c3 e6
3.Bf1c4 Bf8e7
4.Ng1f3 d6
5.O-O Ng8f6
6.d3 O-O
7.d4 a6
8.Bc1g5 h6
9.Bg5xf6 Be7xf6
10.dxc5 Bf6xc3
11.bxc3 b5
12.Bc4d3 dxc5
13.e5 Bc8b7
14.Qd1e2 c4
15.Bd3e4 Ra8a7
16.Qe2e3 Nb8c6
17.Be4xc6 Bb7xc6
18.Qe3xa7 Bc6xf3
19.gxf3 { abandon }1-0

[Event "Défi"]
[Site "www.echecsemail.com"]
[Date "2026.01.11"]
[Round "1"]
[White "Wenoketo"]
[Black "Albescab"]
[WhiteElo "1640"]
[BlackElo "1650"]
[Result "1/2-1/2"]
1.d4 d5
2.Ng1f3 e6
3.Bc1f4 Ng8f6
4.e3 Nf6e4
5.Nb1d2 Bf8b4
6.c3 Ne4xd2
7.Qd1xd2 Bb4e7
8.Bf1d3 Nb8c6
9.Bd3b5 Bc8d7
10.Bb5xc6 Bd7xc6
11.Nf3e5 O-O
12.Ne5xc6 bxc6
13.b4 a5
14.bxa5 Ra8xa5
15.O-O c5
16.c4 Be7f6
17.Qd2xa5 cxd4
18.exd4 Bf6xd4
19.Ra1b1 Bd4b6
20.Qa5c3 d4
21.Qc3d2 f6
22.Rf1d1 e5
23.Bf4g3 c5
24.Qd2d3 Bb6a7
25.Rb1b7 Qd8a5
26.Rd1b1 Qa5xa2
27.h3 h6
28.Rb7d7 Rf8b8
29.Rb1xb8 Ba7xb8
30.Rd7d8 { nul }1/2-1/2

[Event "Eq:modesty-Pirates du Mat :"]
[Site "www.echecsemail.com"]
[Date "2026.01.11"]
[Round "1"]
[White "Sp52"]
[Black "Fresiers"]
[WhiteElo "2420"]
[BlackElo "2210"]
[Result "1/2-1/2"]
1.e4 c5
2.b4 cxb4
3.Bc1b2 d5
4.exd5 Qd8xd5
5.Ng1f3 Nb8c6
6.c4 Qd5a5
7.Bf1e2 e5
8.O-O Bf8e7
9.a3 Ng8f6
10.axb4 Qa5xb4
11.Bb2c3 Qb4d6
12.d3 O-O
13.Nb1d2 Bc8f5
14.Nd2b3 Rf8d8
15.Nb3a5 Bf5xd3
16.Na5xb7 Bd3xe2
17.Qd1xe2 Qd6d3
18.Qe2xd3 Rd8xd3
19.Nf3xe5 Rd3xc3
20.Ne5xc6 Be7f8
21.Rf1c1 Rc3xc1
22.Ra1xc1 Ra8c8
23.Nb7a5 a6
24.f3 Bf8c5
25.Kf1 Nf6d7
26.g4 f6
27.Rc1b1 Rc8c7
28.Nc6b8 Nd7xb8
29.Rb1xb8 Kf7
30.Rb8a8 Bc5b4
31.Ra8xa6 Bb4xa5
32.Ra6xa5 Rc7xc4
33.Kg2 g5
34.Kg3 h6
35.h4 Rc4c7
36.hxg5 hxg5
37.Kf2 Rc7e7
38.Ra5a6 { nul }1/2-1/2

[Event "YQUELON"]
[Site "www.echecsemail.com"]
[Date "2026.01.11"]
[Round "1"]
[White "Mindthegap"]
[Black "4x4"]
[WhiteElo "1540"]
[BlackElo "1470"]
[Result "1-0"]
1.e4 e5
2.Ng1f3 Ng8f6
3.d4 d6
4.Bf1d3 Nb8d7
5.dxe5 Nd7xe5
6.Nf3xe5 dxe5
7.Bc1g5 c5
8.Qd1f3 Bf8e7
9.O-O Bc8e6
10.Rf1d1 Qd8d4
11.Bd3b5 Be6d7
12.Rd1xd4 cxd4
13.Bg5xf6 Bd7xb5
14.Bf6xe7 Kxe7
15.Nb1a3 Bb5c6
16.Na3c4 f5
17.Qf3xf5 Rh8f8
18.Qf5xe5 Kd7
19.Qe5xg7 Ke8
20.Nc4d6 Kd8
21.Qg7xf8 Kc7
22.Qf8e7 Bc6d7
23.Nd6b5 Kc6
24.Nb5xd4 Kc7
25.Ra1d1 Ra8e8
26.Nd4b5 Kc6
27.Nb5d4 Kc7
28.Nd4e6 Kc8
29.Qe7xd7 Kb8
30.Qd7xe8 1-0

[Event "Tournoi n27339"]
[Site "www.echecsemail.com"]
[Date "2026.01.11"]
[Round "1"]
[White "Nicadria22"]
[Black "Lbd26"]
[WhiteElo "1930"]
[BlackElo "1860"]
[Result "0-1"]
1.e4 d5
2.exd5 Qd8xd5
3.Nb1c3 Qd5d6
4.Bf1c4 Ng8f6
5.d3 Nb8c6
6.h3 h5
7.Qd1f3 Nc6e5
8.Qf3f4 Ne5xc4
9.Qf4xc4 a6
10.Bc1f4 e5
11.Bf4g5 Bc8e6
12.Qc4h4 Bf8e7
13.a3 O-O-O
14.Nc3e4 Qd6d4
15.Ne4c3 Qd4b6
16.b4 Qb6c6
17.Nc3e4 Nf6xe4
18.Bg5xe7 Rd8xd3
19.Ng1e2 Rd3d2
20.Ra1d1 Rd2xd1
21.Kxd1 Qc6d7
22.Kc1 Qd7d2
23.Kb1 Qd2xe2
{ abandon }0-1

[Event "Défi"]
[Site "www.echecsemail.com"]
[Date "2026.01.11"]
[Round "1"]
[White "Malvina"]
[Black "Mc2108"]
[WhiteElo "1270"]
[BlackElo "1330"]
[Result "1-0"]
1.d4 Nb8c6
2.e4 e5
3.d5 Nc6e7
4.Ng1f3 Ng8f6
5.Nf3xe5 Nf6xe4
6.Bf1d3 Ne4f6
7.Bd3c4 Ne7f5
8.Bc4d3 Nf5d4
9.O-O Bf8c5
10.Nb1c3 O-O
11.Rf1e1 d6
12.Ne5c4 Bc8g4
13.Qd1d2 h6
14.Nc3e4 Qd8d7
15.Ne4xf6 gxf6
16.b3 Bg4h5
17.Qd2xh6 Qd7g4
18.Qh6h7 1-0

[Event "Tournoi n27223"]
[Site "www.echecsemail.com"]
[Date "2026.01.11"]
[Round "1"]
[White "Baranowsky"]
[Black "Mandrak"]
[WhiteElo "1490"]
[BlackElo "1570"]
[Result "1-0"]
1.Ng1f3 d6
2.g3 b6
3.Bf1g2 Bc8b7
4.d4 g6
5.O-O Bf8g7
6.Bc1f4 e6
7.Nb1d2 Nb8d7
8.c3 h6
9.Nd2b3 Ng8f6
10.Qd1d2 e5
11.dxe5 Nf6e4
12.Qd2c1 dxe5
13.Bf4e3 Qd8e7
14.Nf3d2 f5
15.Nd2xe4 fxe4
16.Nb3d2 Nd7f6
17.Qc1b1 Qe7e6
18.Nd2xe4 Qe6c6
19.Ne4xf6 Qc6xf6
20.Bg2xb7 Ra8d8
21.Bb7g2 O-O
22.Bg2e4 Qf6e6
23.b3 c5
24.Be4xg6 Rd8d6
25.Bg6c2 c4
26.Bc2h7 Kh8
27.Bh7c2 Rf8e8
28.Bc2f5 Qe6e7
29.Bf5g6 Re8c8
30.Bg6f5 Rc8e8
31.Bf5g6 Re8c8
32.Qb1f5 Rc8f8
33.Qf5b1 Qe7c7
34.Bg6c2 Qc7e7
35.b4 Rd6e6
36.Bc2f5 Re6d6
37.Bf5e4 Rd6f6
38.Qb1c2 b5
39.Be3c5 Qe7c7
40.f3 a6
41.Bc5xf8 Bg7xf8
42.Rf1e1 h5
43.Be4g6 Qc7d7
44.Bg6xh5 Rf6h6
45.Bh5g4 Qd7a7
46.Kg2 Qa7h7
47.Qc2xh7 Kxh7
48.Re1h1 Bf8d6
49.Bg4f5 Kg7
50.Bf5e4 Bd6c7
51.Ra1d1 Rh6d6
52.Rd1xd6 a5
53.Rd6d7 { abandon }1-0

[Event "Transval 2"]
[Site "www.echecsemail.com"]
[Date "2026.01.11"]
[Round "1"]
[White "Abelito"]
[Black "Turbo"]
[WhiteElo "1580"]
[BlackElo "1280"]
[Result "1-0"]
1.e4 e5
2.Ng1f3 Nb8c6
3.Bf1c4 h6
4.d4 exd4
5.Nf3xd4 d6
6.c3 Ng8e7
7.Bc4b5 a6
8.Bb5e2 b5
9.Nb1a3 Nc6xd4
10.Qd1xd4 Ne7c6
11.Qd4d5 Bc8b7
12.Qd5h5 Nc6e5
13.b4 Bb7xe4
14.Ra1b1 Qd8d7
15.Rb1b2 Qd7c6
16.O-O Be4xg2
17.Rf1e1 Bg2h1
18.f3 g6
19.Qh5h3 Bf8e7
20.Kxh1 g5
21.Kg1 Qc6b6
22.Kf1 Qb6c6
23.Rb2c2 g4
24.fxg4 Qc6h1
25.Kf2 c5
26.Re1xh1 c4
27.g5 h5
28.Ke1 h4
29.Kd1 d5
30.Qh3f5 Ne5c6
31.Be2g4 Ra8d8
32.Rh1e1 Nc6b8
33.g6 f6
34.Qf5xf6 Nb8c6
35.Qf6xh8 1-0

[Event "Tournoi n27386"]
[Site "www.echecsemail.com"]
[Date "2026.01.11"]
[Round "1"]
[White "Nicadria22"]
[Black "Geantvert"]
[WhiteElo "1900"]
[BlackElo "1850"]
[Result "1-0"]
1.e4 c5
2.Nb1c3 Nb8c6
3.f4 g6
4.Ng1f3 Bf8g7
5.Bf1c4 e6
6.f5 Nc6e5
7.Nf3xe5 Bg7xe5
8.Qd1f3 Ng8e7
9.fxe6 dxe6
10.O-O O-O
11.Nc3e2 Qd8d6
12.g3 a6
13.c3 b5
14.Bc4b3 c4
15.Bb3c2 Bc8b7
16.d4 cxd3
17.Bc2xd3 Ne7f5
18.Ne2f4 Ra8d8
19.Bd3c2 Qd6c7
20.Qf3f2 Nf5d6
21.Qf2e2 Qc7b8
22.Nf4d3 Be5g7
23.Nd3c5 Nd6c4
24.b3 Nc4b6
25.Nc5xb7 Qb8xb7
26.Rf1f3 Bg7xc3
27.Rf3xc3 { abandon }1-0

[Event "Défi"]
[Site "www.echecsemail.com"]
[Date "2026.01.11"]
[Round "1"]
[White "Roschecx"]
[Black "Sierra117"]
[WhiteElo "1630"]
[BlackElo "1650"]
[Result "1/2-1/2"]
1.e4 e5
2.Ng1f3 Nb8c6
3.Bf1b5 a6
4.Bb5a4 b5
5.Ba4b3 Ng8f6
6.d3 Nc6a5
7.c3 Na5xb3
8.Qd1xb3 Qd8e7
9.O-O h6
10.Nb1d2 d6
11.Rf1e1 Bc8b7
12.a4 Ra8b8
13.axb5 axb5
14.Qb3xb5 Qe7d7
15.Qb5xd7 Nf6xd7
16.b4 Bb7a8
17.Bc1b2 Bf8e7
18.b5 O-O
19.c4 Nd7c5
20.Re1e3 Be7f6
21.Bb2a3 Nc5a4
22.h3 Na4b6
23.Ba3b2 Rf8d8
24.g3 Rb8c8
25.h4 g6
26.Kg2 Ba8b7
27.Nd2b3 Rc8a8
28.Nb3a5 Rd8b8
29.Na5xb7 Rb8xb7
30.Re3e1 Kg7
31.Ra1xa8 Nb6xa8
32.Re1a1 Na8b6
33.Nf3h2 Bf6e7
34.Nh2g4 h5
35.Ng4e3 f6
36.Ne3c2 Kf7
{ nul }1/2-1/2

[Event "Eq:Les Gens du Sud-Avalon :"]
[Site "www.echecsemail.com"]
[Date "2026.01.12"]
[Round "1"]
[White "Harrypotter"]
[Black "Di67"]
[WhiteElo "1290"]
[BlackElo "1390"]
[Result "0-1"]
1.e4 e5
2.Ng1f3 Nb8c6
3.Bf1c4 Ng8f6
4.Nb1c3 d6
5.h3 Nc6a5
6.Bc4b3 c5
7.O-O b6
8.d3 Na5xb3
9.axb3 Bf8e7
10.Bc1e3 O-O
11.Qd1d2 h6
12.Nf3h2 Kh7
13.f4 Nf6h5
 { temps }0-1

[Event "MI6B"]
[Site "www.echecsemail.com"]
[Date "2026.01.12"]
[Round "1"]
[White "Vachefolle"]
[Black "Apage"]
[WhiteElo "2020"]
[BlackElo "1970"]
[Result "0-1"]
1.e4 e5
2.Ng1f3 Nb8c6
3.Bf1c4 Bf8c5
4.b4 Bc5b6
5.b5 Nc6a5
6.Bc4xf7 Kxf7
7.Nf3xe5 Kf8
8.Nb1c3 Qd8f6
9.d4 d6
10.Bc1a3 Ng8e7
 { temps }0-1

[Event "MI6B"]
[Site "www.echecsemail.com"]
[Date "2026.01.12"]
[Round "1"]
[White "Apage"]
[Black "Vachefolle"]
[WhiteElo "1970"]
[BlackElo "2020"]
[Result "1-0"]
1.e4 e6
2.d4 d5
3.Nb1d2 Ng8f6
4.e5 Nf6d7
5.c3 c5
6.f4 Nb8c6
7.Nd2f3 Qd8b6
8.h4 Bf8e7
9.h5 f6
10.Bf1d3 cxd4
11.cxd4  { temps }1-0

[Event "Défi( 10J+24H/c 10J Max )"]
[Site "www.echecsemail.com"]
[Date "2026.01.12"]
[Round "1"]
[White "Walnux"]
[Black "Plaisance"]
[WhiteElo "1870"]
[BlackElo "1950"]
[Result "1-0"]
1.d4 f5
2.Bc1f4 Ng8f6
3.e3 d6
4.Bf1d3 g6
5.Nb1d2 Bf8g7
6.Ng1f3 Nb8c6
7.c3 e5
8.dxe5 dxe5
9.Nf3xe5 Nc6xe5
10.Bd3e2 Nf6d5
11.O-O Nd5xf4
12.exf4 Ne5f7
13.Be2b5 c6
14.Rf1e1 Kf8
15.Bb5c4 b5
16.Bc4b3 Bc8b7
17.Qd1e2 Bg7f6
18.Nd2f3 Kg7
19.Nf3d4 Qd8d7
20.Ra1d1 Bf6xd4
21.Rd1xd4 Qd7c7
22.Re1d1 Rh8d8
23.Qe2e6 Rd8xd4
24.Rd1xd4 Bb7c8
25.Qe6e3 Bc8d7
26.Qe3e7 Ra8e8
27.Qe7xf7 Kh6
28.g3 { abandon }1-0

[Event "Eq:Les Gens du Sud-Avalon :"]
[Site "www.echecsemail.com"]
[Date "2026.01.12"]
[Round "1"]
[White "Di67"]
[Black "Harrypotter"]
[WhiteElo "1390"]
[BlackElo "1290"]
[Result "1-0"]
1.e4 e5
2.Ng1f3 Ng8f6
3.Bf1d3 Nb8c6
4.O-O Bf8c5
5.Nb1c3 d6
6.Bd3b5 Bc8d7
7.h3 a6
8.Bb5c4 O-O
9.d3 h6
10.a3 Nc6d4
11.Nf3xd4 Bc5xd4
12.Nc3d5 c6
13.Nd5e3 Bd7e6
14.Bc4xe6  { temps }1-0

[Event "Défi"]
[Site "www.echecsemail.com"]
[Date "2026.01.12"]
[Round "1"]
[White "Kawa750"]
[Black "Chomi64"]
[WhiteElo "1810"]
[BlackElo "1810"]
[Result "0-1"]
1.f4 d5
2.Ng1f3 c5
3.e3 Nb8c6
4.Nf3e5 Qd8c7
5.Nb1c3 Nc6xe5
6.fxe5 Qc7xe5
7.Qd1f3 Ng8f6
8.Bf1b5 Bc8d7
9.O-O Bd7xb5
10.Nc3xb5 a6
11.Qf3f4 Qe5xf4
12.Rf1xf4 axb5
13.b3 e6
14.Bc1b2 Bf8d6
15.Rf4f3 e5
16.d4 cxd4
17.exd4 e4
18.Rf3f5 Ke7
19.h3 h6
20.g4 Ra8c8
21.c3 b4
22.Ra1c1 bxc3
23.Rc1xc3 Rc8xc3
24.Bb2xc3 Rh8c8
 { temps }0-1

[Event "Tournoi n27314"]
[Site "www.echecsemail.com"]
[Date "2026.01.12"]
[Round "1"]
[White "Uliczny"]
[Black "Tiounet"]
[WhiteElo "1700"]
[BlackElo "1590"]
[Result "0-1"]
1.e4 a6
2.d4 b5
3.c4 bxc4
4.Bf1xc4 e6
5.Nb1c3 g6
6.Bc1f4 Bf8g7
7.Ng1f3 Ng8f6
8.O-O O-O
9.Qd1d2 Rf8e8
10.d5 exd5
11.exd5 Bc8b7
12.Rf1e1 d6
13.h3 Nb8d7
14.Re1xe8 Qd8xe8
15.Ra1e1 Qe8d8
16.Bf4g5 Qd8c8
17.Re1e7 Qc8d8
 { temps }0-1

[Event "Memorial Lara CIII"]
[Site "www.echecsemail.com"]
[Date "2026.01.12"]
[Round "1"]
[White "Leredoutable"]
[Black "Alain64"]
[WhiteElo "1760"]
[BlackElo "2120"]
[Result "0-1"]
1.e4 c5
2.Ng1f3 e6
3.d4 cxd4
4.Nf3xd4 a6
5.Bf1c4 Qd8c7
6.Bc4b3 Ng8f6
7.O-O Nf6xe4
8.Rf1e1 Ne4f6
9.f4 Bf8c5
10.Kh1 O-O
11.f5 Nb8c6
12.Nb1c3 Nc6xd4
13.fxe6 dxe6
14.Bb3c4 b5
15.Bc4d3 Bc8b7
16.Nc3e4 Nf6xe4
17.Bd3xe4 Bb7xe4
18.Re1xe4 Ra8d8
19.Bc1d2 Nd4f5
20.Qd1e2 Rd8d4
21.Re4e5 Rf8d8
22.Ra1d1 Qc7d6
23.Re5xf5 exf5
24.Qe2f3 Rd4xd2
25.Rd1xd2 Qd6xd2
{ abandon }0-1